| 000 | 00566nam a2200181Ia 4500 | ||
|---|---|---|---|
| 008 | 090123s9999 xx 000 0 und d | ||
| 082 |
_b24685 _a891.463/बापट |
||
| 100 | _aबापट मुकुंद | ||
| 245 | _aस्वप्नछाया | ||
| 250 | _a1 | ||
| 260 | _bगोकुळ मासिक प्रकाशन | ||
| 300 | _a194 | ||
| 600 | _aबापट मुकुंद | ||
| 630 | _aस्वप्नछाया | ||
| 700 | _aबापट मुकुंद | ||
| 730 | _aस्वप्नछाया | ||
| 942 | _cBOOK | ||
| 999 |
_c62756 _d62756 |
||